00482nam a2200181 a 4500001001300000003000900013005001700022008004100039020001000080082001900090100001600109245005600125260004400181300000900225500003500234650001500269700001600284nice12345678IN_TiNIC20260116014234.0080110s2007 dela grp 000 0 eng  ac30000a294.59218bCOW aCowell, E B aMaitrayaniya Upanisad With Commentary of Ramatirtha aDelhi bBharatiya Kala Prakashan c2007 a180p aincludes index and biblioraphy aUpanishads1 aCowell, E B